|
|
|
|
| LEADER |
01671cas a2200241 a 4500 |
| 001 |
AALejournalIMF005209 |
| 008 |
230101c9999 xx r poo 0 0eng d |
| 020 |
|
|
|c 5.00 USD
|
| 020 |
|
|
|z 9781451803969
|
| 022 |
|
|
|a 1934-7685
|
| 040 |
|
|
|a BD-DhAAL
|c BD-DhAAL
|
| 110 |
2 |
|
|a International Monetary Fund.
|
| 245 |
1 |
0 |
|a Burkina Faso :
|b Poverty Reduction Strategy Paper; Annual Progress Report.
|
| 264 |
|
1 |
|a Washington, D.C. :
|b International Monetary Fund,
|c 2008.
|
| 300 |
|
|
|a 1 online resource (219 pages)
|
| 490 |
1 |
|
|a IMF Staff Country Reports
|
| 500 |
|
|
|a <strong>Off-Campus Access:</strong> No User ID or Password Required
|
| 500 |
|
|
|a <strong>On-Campus Access:</strong> No User ID or Password Required
|
| 506 |
|
|
|a Electronic access restricted to authorized BRAC University faculty, staff and students
|
| 520 |
3 |
|
|a This annual progress report reviews Burkina Faso's Poverty Reduction Strategy Papers (PRSPs). The regional integration dynamics was considered as an action variable that allowed Burkina Faso to better insert itself into the global economy. The major quantitative objectives of the revised PRSP are to increase per capita GDP by at least 4 percent starting in 2004, to reduce the incidence of poverty to less than 35 percent by 2015, and to increase life expectancy to at least 60 years by 2015. Burkina Faso's performance regarding the implementation of the macroeconomic program remains overall satisfactory.
|
| 538 |
|
|
|a Mode of access: Internet
|
| 830 |
|
0 |
|a IMF Staff Country Reports; Country Report ;
|v No. 2008/212
|
| 856 |
4 |
0 |
|z Full text available on IMF
|u http://elibrary.imf.org/view/journals/002/2008/212/002.2008.issue-212-en.xml
|z IMF e-Library
|